[Event "Bundesliga 2022-23"]
[Site "Remagen GER"]
[Date "2023.02.04"]
[Round "5.8"]
[Board "6"]
[White "Amin, Bassem"]
[Black "Gungl, Theo"]
[Result "1-0"]
[WhiteTitle "GM"]
[BlackTitle "IM"]
[WhiteElo "2667"]
[BlackElo "2352"]
[WhiteTeam "SC Viernheim"]
[BlackTeam "SV Muelheim Nord"]
[WhiteFideId "10601457"]
[BlackFideId "24695653"]
[EventDate "2022.10.22"]

1. e4 c5 2. Nf3 d6 3. d4 cxd4 4. Nxd4 Nf6 5. Nc3 a6 6. Be2 e6 7. f4 Qc7 8. Bf3
Nc6 9. Be3 Be7 10. g4 Nxd4 11. Qxd4 e5 12. Qd3 Bxg4 13. Bxg4 Nxg4 14. O-O-O Rc8
15. f5 b5 16. Kb1 Qc4 17. Rhg1 Qxd3 18. Rxd3 Nf6 19. Bg5 b4 20. Bxf6 bxc3 21.
Bxg7 Rg8 22. Rdg3 Bh4 23. Rg4 Bf2 24. Rf1 Bd4 25. Rg3 Kd7 26. b3 a5 27. a4 Rb8
28. Rd1 h5 29. Rdd3 h4 30. Rg4 Rb4 31. f6 Rc8 32. Kc1 Bf2 33. Kd1 Ke6 34. Ke2
Rd4 35. Rxd4 Bxd4 36. Rxh4 d5 37. Kd3 Bf2 38. exd5+ Kxd5 39. Rc4 Rxc4 40. bxc4+
Ke6 41. Ke4 Bh4 42. c5 Bf2 43. c6 Kd6 44. Bf8+ Kxc6 45. Kxe5 1-0

[Event "Bundesliga 2022-23"]
[Site "Remagen GER"]
[Date "2023.02.04"]
[Round "5.8"]
[Board "7"]
[White "Hausrath, Daniel"]
[Black "Braun, Arik"]
[Result "1/2-1/2"]
[WhiteTitle "GM"]
[BlackTitle "GM"]
[WhiteElo "2465"]
[BlackElo "2597"]
[WhiteTeam "SV Muelheim Nord"]
[BlackTeam "SC Viernheim"]
[WhiteFideId "4617495"]
[BlackFideId "4663527"]
[EventDate "2022.10.22"]

1. Nf3 d5 2. g3 b6 3. Bg2 Bb7 4. O-O e6 5. c4 dxc4 6. Qa4+ Nd7 7. Qxc4 Ngf6 8.
b3 Be7 9. Bb2 c5 10. d3 O-O 11. Nbd2 a6 12. Rad1 b5 13. Qc1 Qb6 14. Qa1 Rfd8 15.
Rc1 Rac8 16. Rfd1 h6 17. h3 Qa7 18. Ne5 Bxg2 19. Kxg2 Qb7+ 20. Ndf3 Nf8 21. d4
cxd4 22. Bxd4 Ne4 23. Rxc8 Rxc8 24. Rc1 f6 25. Nd3 e5 26. Rxc8 Qxc8 27. Bb2 Ne6
28. Qc1 Qb7 29. h4 N6c5 30. Qc2 Nxd3 31. exd3 Nd6 32. Qe2 Bd8 33. Kh2 Ba5 34.
Ba3 b4 35. Bb2 Bb6 36. Nd2 Nb5 37. Ne4 Qd7 38. Qf3 f5 39. Nd2 e4 40. Qf4 Bc7 41.
Be5 Bxe5 42. Qxe5 exd3 43. Qc5 a5 44. Qb6 Qe8 45. Qc5 Qd7 46. Qb6 Nc3 47. Qxa5
Ne4 48. Qxb4 Nxf2 49. Qb8+ Kh7 50. Qf4 Ng4+ 51. Kg2 Qd5+ 52. Qf3 Ne3+ 53. Kf2
Ng4+ 54. Kg2 Ne3+ 55. Kf2 Ng4+ 1/2-1/2

[Event "Bundesliga 2022-23"]
[Site "Remagen GER"]
[Date "2023.02.04"]
[Round "5.8"]
[Board "8"]
[White "Zaragatski, Ilja"]
[Black "Dinstuhl, Volkmar"]
[Result "1/2-1/2"]
[WhiteTitle "GM"]
[BlackTitle "IM"]
[WhiteElo "2505"]
[BlackElo "2379"]
[WhiteTeam "SC Viernheim"]
[BlackTeam "SV Muelheim Nord"]
[WhiteFideId "4655192"]
[BlackFideId "4613562"]
[EventDate "2022.10.22"]

1. d4 d5 2. Nf3 Nf6 3. c4 dxc4 4. e3 e6 5. Bxc4 a6 6. O-O b5 7. Bd3 Bb7 8. Qe2
Nbd7 9. a4 b4 10. e4 Be7 11. Nbd2 c5 12. e5 Nd5 13. Nb3 cxd4 14. Rd1 h6 15.
Nfxd4 Nc5 16. Bb5+ Kf8 17. Bc4 Nxb3 18. Bxb3 g6 19. Rd3 Kg7 20. Rg3 Bg5 21. Qg4
Re8 22. Nf3 Bxc1 23. Rxc1 Rc8 24. Rd1 Qe7 25. Nd2 h5 26. Qxh5 Rh8 27. Qg5 Qxg5
28. Rxg5 Nf4 29. Rg4 Nd3 30. Rd4 Nxe5 31. Rxb4 Ba8 32. Nc4 Nc6 33. Rb6 a5 34.
Rd7 Rcd8 35. Rxd8 Rxd8 36. Kf1 Rd3 37. Bc2 Rd4 38. Ne3 Nb4 39. b3 Nxc2 40. Nxc2
Rd1+ 41. Ke2 Rb1 42. f3 Bd5 43. Ne3 Rb2+ 44. Kd1 Ba8 45. Ra6 Bb7 46. Rxa5 Rxb3
47. Kd2 Bc6 48. Ra6 Be8 49. Ra8 Bc6 50. Ra6 Be8 51. Nc2 e5 52. a5 Rb5 53. Ra7
Rd5+ 54. Kc3 Bb5 55. Nb4 Rc5+ 56. Kb3 Bf1 57. g3 Be2 58. f4 e4 59. a6 e3 60. Re7
Bc4+ 61. Ka4 Be6 62. a7 Rc1 63. Nd3 Ra1+ 64. Kb5 e2 65. Rxe6 fxe6 66. Kb6 Rb1+
67. Kc7 Ra1 68. Kb8 Rb1+ 69. Kc7 1/2-1/2

[Event "Bundesliga 2022-23"]
[Site "Baden-Baden GER"]
[Date "2023.02.05"]
[Round "6.1"]
[Board "1"]
[White "Rapport, Richard"]
[Black "Maghsoodloo, Parham"]
[Result "1/2-1/2"]
[WhiteTitle "GM"]
[BlackTitle "GM"]
[WhiteElo "2754"]
[BlackElo "2721"]
[WhiteTeam "OSG Baden-Baden"]
[BlackTeam "FC Bayern Muenchen"]
[WhiteFideId "738590"]
[BlackFideId "12539929"]
[EventDate "2022.10.22"]

1. e4 c5 2. Nf3 d6 3. Bb5+ Nd7 4. a4 a6 5. Be2 Ngf6 6. Nc3 b6 7. d4 cxd4 8. Qxd4
Bb7 9. O-O e6 10. Rd1 Qc7 11. Be3 Be7 12. Nd2 O-O 13. Nc4 e5 14. Qd3 Rad8 15.
Bf3 Nc5 16. Bxc5 dxc5 17. Nd5 Bxd5 18. exd5 Bd6 19. Nxd6 Rxd6 20. Qxa6 e4 21.
Be2 Nxd5 22. Qc4 Rh6 23. g3 Nf6 24. Qc3 Qc8 25. h4 Qf5 26. Qd2 Rg6 27. a5 bxa5
28. Rxa5 Ng4 29. Bxg4 Qxg4 30. Rda1 h6 31. Kh2 Re8 1/2-1/2

[Event "Bundesliga 2022-23"]
[Site "Baden-Baden GER"]
[Date "2023.02.05"]
[Round "6.1"]
[Board "2"]
[White "Santos Latasa, Jaime"]
[Black "Vachier-Lagrave, Maxime"]
[Result "1/2-1/2"]
[WhiteTitle "GM"]
[BlackTitle "GM"]
[WhiteElo "2677"]
[BlackElo "2747"]
[WhiteTeam "FC Bayern Muenchen"]
[BlackTeam "OSG Baden-Baden"]
[WhiteFideId "2293307"]
[BlackFideId "623539"]
[EventDate "2022.10.22"]

1. d4 Nf6 2. c4 g6 3. Nc3 d5 4. Nf3 Bg7 5. e3 O-O 6. cxd5 Nxd5 7. Bc4 Nb6 8. Bb3
c5 9. O-O Bg4 10. dxc5 N6d7 11. Na4 Qc7 12. h3 Bxf3 13. Qxf3 Na6 14. Bd2 Ndxc5
15. Rac1 Rac8 16. Nxc5 Nxc5 17. Bb4 b6 18. Bxc5 bxc5 19. Rc2 e6 20. Bc4 Rfd8 1/2-1/2

[Event "Bundesliga 2022-23"]
[Site "Baden-Baden GER"]
[Date "2023.02.05"]
[Round "6.1"]
[Board "3"]
[White "Keymer, Vincent"]
[Black "Tabatabaei, M. Amin"]
[Result "1-0"]
[WhiteTitle "GM"]
[BlackTitle "GM"]
[WhiteElo "2700"]
[BlackElo "2657"]
[WhiteTeam "OSG Baden-Baden"]
[BlackTeam "FC Bayern Muenchen"]
[WhiteFideId "12940690"]
[BlackFideId "12521213"]
[EventDate "2022.10.22"]

1. c4 e5 2. g3 Nc6 3. Bg2 Nf6 4. Nc3 Bc5 5. e3 d5 6. cxd5 Nb4 7. Nf3 Nd3+ 8. Ke2
Nxd5 9. Qa4+ c6 10. Qe4 Nxc3+ 11. bxc3 Nxc1+ 12. Rhxc1 f6 13. d4 Ba3 14. Rd1 Qe7
15. dxe5 O-O 16. Rd2 fxe5 17. Qxe5 Be6 18. Ke1 Bd5 19. Qxe7 Bxe7 20. Nh4 Be6 21.
Be4 Bf6 22. Rc1 a5 23. Nf3 a4 24. Nd4 Bf7 25. Rb2 Rfe8 26. Bb1 b5 27. Rd2 Ra6
28. Nf5 Be6 29. Nd6 Rb8 30. f4 c5 31. e4 Be7 32. e5 Bxd6 33. Rxd6 Rxd6 34. exd6
Rd8 35. Rd1 a3 36. f5 Bf7 37. Rd3 Bc4 38. Rd2 Bf7 39. Be4 b4 40. cxb4 cxb4 41.
Bd5 Bxd5 42. Rxd5 Kf7 43. d7 g6 44. fxg6+ hxg6 45. Rd2 g5 46. Kd1 b3 47. axb3 a2
48. Rxa2 Rxd7+ 49. Rd2 Rc7 50. b4 Ke6 51. b5 Rb7 52. Rb2 Rb6 53. Ke2 Kd5 54. Kf3
Kc4 55. Kg4 Kc3 56. Rb1 Kc2 57. Rf1 Rxb5 58. Rf5 1-0

[Event "Bundesliga 2022-23"]
[Site "Baden-Baden GER"]
[Date "2023.02.05"]
[Round "6.1"]
[Board "4"]
[White "Santos Ruiz, Miguel"]
[Black "Adams, Michael"]
[Result "1/2-1/2"]
[WhiteTitle "GM"]
[BlackTitle "GM"]
[WhiteElo "2580"]
[BlackElo "2689"]
[WhiteTeam "FC Bayern Muenchen"]
[BlackTeam "OSG Baden-Baden"]
[WhiteFideId "22291482"]
[BlackFideId "400041"]
[EventDate "2022.10.22"]

1. e4 e5 2. Nf3 Nc6 3. Bc4 Bc5 4. d3 Nf6 5. O-O d6 6. c3 a6 7. a4 Ba7 8. Re1 O-O
9. h3 Ne7 10. d4 Ng6 11. Nbd2 c6 12. Bf1 Re8 13. a5 d5 14. dxe5 Nxe4 15. Nxe4
dxe4 16. Qxd8 Rxd8 17. Rxe4 Rd1 18. Re1 Rxe1 19. Nxe1 Nxe5 20. Bf4 Ng6 1/2-1/2

[Event "Bundesliga 2022-23"]
[Site "Baden-Baden GER"]
[Date "2023.02.05"]
[Round "6.1"]
[Board "5"]
[White "Kasimdzhanov, Rustam"]
[Black "Dragnev, Valentin"]
[Result "1/2-1/2"]
[WhiteTitle "GM"]
[BlackTitle "GM"]
[WhiteElo "2670"]
[BlackElo "2544"]
[WhiteTeam "OSG Baden-Baden"]
[BlackTeam "FC Bayern Muenchen"]
[WhiteFideId "14200244"]
[BlackFideId "1634852"]
[EventDate "2022.10.22"]

1. e4 e5 2. Nf3 Nf6 3. Nxe5 d6 4. Nf3 Nxe4 5. d3 Nf6 6. d4 d5 7. Bd3 c5 8. O-O
c4 9. Be2 Be7 10. b3 cxb3 11. axb3 O-O 12. Ne5 Nc6 13. Nc3 Bf5 14. Nxc6 bxc6 15.
Bf4 Re8 16. Bd3 Bxd3 17. Qxd3 Bd6 18. Bxd6 Qxd6 19. Rfe1 h6 20. g3 Qd7 21. Kg2
Rxe1 22. Rxe1 Re8 23. Re5 Rxe5 24. dxe5 Nh7 25. f4 Nf8 26. Nd1 Ne6 27. Ne3 Nc5
28. Qd4 Ne6 29. Qd1 Qe7 30. c4 d4 31. Ng4 Qa3 32. Qc2 Nc5 33. Qf5 Ne6 34. Qc2
Nc5 35. Qf5 Ne6 1/2-1/2

[Event "Bundesliga 2022-23"]
[Site "Baden-Baden GER"]
[Date "2023.02.05"]
[Round "6.1"]
[Board "6"]
[White "Bischoff, Klaus"]
[Black "Naiditsch, Arkadij"]
[Result "0-1"]
[WhiteTitle "GM"]
[BlackTitle "GM"]
[WhiteElo "2486"]
[BlackElo "2667"]
[WhiteTeam "FC Bayern Muenchen"]
[BlackTeam "OSG Baden-Baden"]
[WhiteFideId "4600045"]
[BlackFideId "4650891"]
[EventDate "2022.10.22"]

1. d4 Nf6 2. c4 g6 3. Nf3 Bg7 4. e3 O-O 5. Be2 c5 6. d5 e6 7. Nc3 exd5 8. cxd5
d6 9. O-O Re8 10. Ne1 Ne4 11. Nxe4 Rxe4 12. f3 Re8 13. Nc2 f5 14. a4 Na6 15. Ra2
Bd7 16. Bd2 Rc8 17. Re1 Qb6 18. Bc4 Nb4 19. a5 Qc7 20. Nxb4 cxb4 21. Bf1 Qc2 22.
Qxc2 Rxc2 23. Bxb4 Rxe3 24. Rd1 Be5 25. a6 b6 26. Be1 Rb3 27. Bf2 Rbxb2 28. Rxb2
Bxb2 29. Bg3 Ba3 30. Re1 Bb4 0-1

[Event "Bundesliga 2022-23"]
[Site "Baden-Baden GER"]
[Date "2023.02.05"]
[Round "6.1"]
[Board "7"]
[White "Donchenko, Alexander"]
[Black "Kurmann, Oliver"]
[Result "1/2-1/2"]
[WhiteTitle "GM"]
[BlackTitle "IM"]
[WhiteElo "2646"]
[BlackElo "2452"]
[WhiteTeam "OSG Baden-Baden"]
[BlackTeam "FC Bayern Muenchen"]
[WhiteFideId "24603295"]
[BlackFideId "1308173"]
[EventDate "2022.10.22"]

1. d4 Nf6 2. c4 e6 3. Nc3 Bb4 4. Qc2 O-O 5. e4 d5 6. e5 Ne4 7. Bd3 c5 8. Nf3
cxd4 9. Nxd4 Nd7 10. Bf4 Qh4 11. g3 Qh5 12. O-O g5 13. cxd5 gxf4 14. dxe6 Nxc3
15. exd7 Bxd7 16. bxc3 fxg3 17. hxg3 Rac8 18. Bf5 Bxc3 19. Bxd7 Bxa1 20. Bxc8
Bxd4 21. Bf5 Re8 22. e6 fxe6 23. Qc4 Qxf5 24. Qxd4 b6 25. Rc1 e5 26. Qd5+ Kh8
27. Rc7 Rf8 28. Qd2 Rf7 29. Rxf7 Qxf7 30. Qd8+ Kg7 31. Qg5+ Kf8 32. Qd8+ Kg7 33.
Qg5+ Kf8 34. Qd8+ Kg7 1/2-1/2

[Event "Bundesliga 2022-23"]
[Site "Baden-Baden GER"]
[Date "2023.02.05"]
[Round "6.1"]
[Board "8"]
[White "Lokander, Martin"]
[Black "Movsesian, Sergei"]
[Result "1/2-1/2"]
[WhiteTitle "IM"]
[BlackTitle "GM"]
[WhiteElo "2449"]
[BlackElo "2619"]
[WhiteTeam "FC Bayern Muenchen"]
[BlackTeam "OSG Baden-Baden"]
[WhiteFideId "1709569"]
[BlackFideId "310204"]
[EventDate "2022.10.22"]

1. d4 Nf6 2. Nf3 e6 3. c4 d5 4. Nc3 Bb4 5. Qb3 a5 6. Bg5 dxc4 7. Qxc4 b6 8. g3
Ba6 9. Qb3 Nbd7 10. Bg2 Bb7 11. O-O O-O 12. Rfd1 h6 13. Bxf6 Nxf6 14. Ne5 Bxg2
15. Kxg2 Bxc3 16. Qxc3 Nd5 17. Qc4 Qd6 18. Nc6 f5 19. Rac1 Kh7 20. Qb5 Rac8 1/2-1/2

[Event "Bundesliga 2022-23"]
[Site "Baden-Baden GER"]
[Date "2023.02.05"]
[Round "6.2"]
[Board "1"]
[White "Ivanisevic, Ivan"]
[Black "Bluebaum, Matthias"]
[Result "0-1"]
[WhiteTitle "GM"]
[BlackTitle "GM"]
[WhiteElo "2547"]
[BlackElo "2647"]
[WhiteTeam "TSV Schoenaich"]
[BlackTeam "Schachfreunde Deizisau"]
[WhiteFideId "912417"]
[BlackFideId "24651516"]
[EventDate "2022.10.22"]

1. d4 Nf6 2. c4 e6 3. Nc3 Bb4 4. Qc2 c5 5. dxc5 O-O 6. a3 Bxc5 7. Nf3 d5 8. Bg5
Be7 9. e3 Nc6 10. Be2 h6 11. Bh4 dxc4 12. Bxc4 a6 13. Rd1 Qc7 14. Ba2 b5 15. Bb1
Re8 16. O-O Bb7 17. Bxf6 Bxf6 18. Ne4 Be7 19. Nc5 Bxc5 20. Qxc5 Rac8 21. Rc1 Qb8
22. Qh5 Red8 23. Rc5 Qd6 24. h4 Ne7 25. Bh7+ Kxh7 26. Ng5+ Kg8 27. Qxf7+ Kh8 28.
Nxe6 Rg8 29. Rg5 Be4 30. Rxg7 Qe5 31. Qxe7 Rxg7 32. Qxg7+ Qxg7 33. Nxg7 Kxg7 34.
f3 Bg6 35. e4 Kf6 36. Rf2 Rc1+ 37. Kh2 Ke5 38. Rd2 Bf7 39. Kg3 Be6 40. Rd8 Rc2
41. Ra8 Bc4 42. Rxa6 Bf1 43. f4+ Kxe4 44. Re6+ Kf5 45. Re5+ Kf6 46. Re1 Bxg2 47.
Re8 Rxb2 48. Rf8+ Kg7 49. Re8 Bc6 50. Re3 Kf6 51. Kg4 Rg2+ 52. Kh5 Rg8 0-1

[Event "Bundesliga 2022-23"]
[Site "Baden-Baden GER"]
[Date "2023.02.05"]
[Round "6.2"]
[Board "2"]
[White "Kollars, Dmitrij"]
[Black "Perunovic, Milos"]
[Result "1-0"]
[WhiteTitle "GM"]
[BlackTitle "GM"]
[WhiteElo "2612"]
[BlackElo "2542"]
[WhiteTeam "Schachfreunde Deizisau"]
[BlackTeam "TSV Schoenaich"]
[WhiteFideId "12909572"]
[BlackFideId "921629"]
[EventDate "2022.10.22"]

1. e4 c5 2. Nf3 Nc6 3. Bb5 e6 4. O-O Nge7 5. Re1 a6 6. Bf1 d5 7. exd5 Nxd5 8. d4
Nf6 9. Be3 Be7 10. c4 O-O 11. Nc3 cxd4 12. Nxd4 Bd7 13. Nf3 Ng4 14. Bf4 e5 15.
Nxe5 Ncxe5 16. Bxe5 Nxe5 17. Rxe5 Be6 18. Nd5 Bd6 19. Re3 Bc5 20. Rd3 Bxd5 21.
cxd5 Qf6 22. Qd2 Rad8 23. Rc1 Bd6 24. g3 Rfe8 25. h4 Rc8 26. Rxc8 Rxc8 27. Bh3
Rc7 28. h5 g6 29. Bg4 Rc4 30. Bd1 Re4 31. Kg2 Re7 32. Rc3 gxh5 33. Bxh5 Kg7 34.
Rf3 Qe5 35. Bg4 h6 36. Bf5 Rc7 37. Bb1 Rc5 38. Rf5 Qe7 39. Qd4+ Kg8 40. Rh5 Qf8
41. Rh4 f5 42. Rh5 f4 43. Qe4 1-0

[Event "Bundesliga 2022-23"]
[Site "Baden-Baden GER"]
[Date "2023.02.05"]
[Round "6.2"]
[Board "3"]
[White "Plenca, Julijan"]
[Black "Heimann, Andreas"]
[Result "0-1"]
[WhiteTitle "IM"]
[BlackTitle "GM"]
[WhiteElo "2447"]
[BlackElo "2573"]
[WhiteTeam "TSV Schoenaich"]
[BlackTeam "Schachfreunde Deizisau"]
[WhiteFideId "14508044"]
[BlackFideId "24624632"]
[EventDate "2022.10.22"]

1. e4 e5 2. Nf3 Nc6 3. d4 exd4 4. Bc4 Nf6 5. e5 d5 6. Bb5 Ne4 7. Nxd4 Bd7 8.
Bxc6 bxc6 9. O-O Bc5 10. f3 Ng5 11. f4 Ne4 12. Be3 Qb8 13. Nc3 Qxb2 14. Nxe4
dxe4 15. Qd2 Qb4 16. c3 Qc4 17. Qf2 Bb6 18. f5 O-O-O 19. a4 a5 20. e6 Be8 21. f6
fxe6 22. fxg7 Rg8 23. Nc2 Rxg7 24. Bxb6 cxb6 25. Qxb6 Rd2 26. Rf2 Rxf2 27. Qxf2
Qxc3 28. Qf8 Kd8 29. Rd1+ Rd7 30. Nd4 Qc4 31. h4 e3 0-1

[Event "Bundesliga 2022-23"]
[Site "Baden-Baden GER"]
[Date "2023.02.05"]
[Round "6.2"]
[Board "4"]
[White "Kozul, Zdenko"]
[Black "Krassowizkij, Jaroslaw"]
[Result "1/2-1/2"]
[WhiteTitle "GM"]
[BlackTitle "IM"]
[WhiteElo "2549"]
[BlackElo "2439"]
[WhiteTeam "Schachfreunde Deizisau"]
[BlackTeam "TSV Schoenaich"]
[WhiteFideId "14502879"]
[BlackFideId "1271703"]
[EventDate "2022.10.22"]

1. d4 Nf6 2. c4 e6 3. g3 d5 4. Bg2 Be7 5. Nf3 O-O 6. O-O dxc4 7. a4 Bd7 8. Nbd2
c5 9. Nxc4 Bc6 10. dxc5 Bxc5 11. Nfe5 Bxg2 12. Kxg2 Nbd7 13. Nxd7 Nxd7 14. Bf4
Nb6 15. Qxd8 Rfxd8 16. Rfc1 Nxc4 17. Rxc4 Bd6 18. Be3 Kf8 19. Rac1 Ke7 20. a5 a6
21. f4 Rd7 22. Kf3 g6 23. Bd4 f6 24. Bb6 e5 25. e3 Ke6 26. R1c3 f5 27. Rb3 Re8
28. h3 Ree7 29. Rc8 Kf7 30. Rc2 exf4 31. gxf4 Re6 32. Rd3 Ree7 33. h4 h5 34. Rc4
Bb8 35. Rb3 Re6 36. Rcb4 Bd6 37. Rd4 Ree7 38. Rxd6 Rxd6 39. Bc5 Rdd7 40. Bxe7
Rxe7 41. Rb6 Rd7 42. b4 Re7 43. Kf2 Rd7 44. Ke2 Kg7 45. Kf3 Re7 46. Rd6 Kf7 47.
Ke2 Re6 48. Rd8 b5 49. Rd7+ 1/2-1/2

[Event "Bundesliga 2022-23"]
[Site "Baden-Baden GER"]
[Date "2023.02.05"]
[Round "6.2"]
[Board "5"]
[White "Koelle, Tobias"]
[Black "Dautov, Rustem"]
[Result "1/2-1/2"]
[WhiteTitle "FM"]
[BlackTitle "GM"]
[WhiteElo "2439"]
[BlackElo "2592"]
[WhiteTeam "TSV Schoenaich"]
[BlackTeam "Schachfreunde Deizisau"]
[WhiteFideId "16207378"]
[BlackFideId "4623606"]
[EventDate "2022.10.22"]

1. d4 d5 2. c4 e6 3. Nf3 a6 4. Bg5 Be7 5. Bxe7 Qxe7 6. Nbd2 Nf6 7. g3 O-O 8. Rc1
b6 9. Bg2 c5 10. dxc5 bxc5 11. O-O Nbd7 12. cxd5 exd5 13. Re1 Bb7 14. Qb3 Rab8
15. Qa3 Rfe8 16. e3 g6 17. Nb3 Rbc8 18. Rc2 Ne4 19. Rec1 Qf6 20. Ne1 c4 21. Nd4
Ne5 22. h3 h5 23. Ndf3 Nc6 24. b3 a5 25. bxc4 Nb4 26. Re2 dxc4 27. Nd2 Nd3 28.
Nxe4 Bxe4 29. Nxd3 cxd3 30. Rd2 Qe7 31. Qb2 Rxc1+ 32. Qxc1 Bxg2 33. Kxg2 Qe4+
34. Kh2 Rd8 35. Qc7 Rd5 36. Qf4 Qe7 37. e4 Rd8 38. e5 Kg7 39. Qe3 Qe6 40. a3 Qd5
41. Qf4 Qe6 42. Qe3 Qf5 43. Qf4 Qxf4 44. gxf4 g5 45. Kg3 Kg6 46. Kf3 Kf5 47.
fxg5 Kxe5 48. Ke3 Kf5 49. f4 h4 50. Kf3 a4 51. Ke3 Re8+ 52. Kf3 Re4 53. Rxd3
Rxf4+ 54. Ke3 Kxg5 55. Rd1 f6 56. Rc1 Rf5 57. Rc4 Rb5 58. Rg4+ Kf5 59. Rf4+ Kg6
60. Rg4+ Rg5 61. Kf4 Kh5 62. Rxg5+ fxg5+ 63. Kf5 Kh6 64. Kf6 Kh5 65. Kf5 Kh6 66.
Kf6 g4 67. hxg4 h3 68. g5+ Kh5 69. g6 h2 70. g7 h1=Q 71. g8=Q Qa1+ 72. Kf5 Qb1+
73. Ke5 Qb2+ 74. Kf4 Qc1+ 75. Kf5 Qc5+ 76. Kf4 Qd6+ 77. Kf5 Qd3+ 78. Kf4 Qd4+
79. Kf3 Qc3+ 80. Kf4 Qc1+ 81. Kf5 Qf1+ 82. Ke5 Qe2+ 83. Kd4 Qb2+ 84. Kd3 Qxa3+
85. Ke4 1/2-1/2

[Event "Bundesliga 2022-23"]
[Site "Baden-Baden GER"]
[Date "2023.02.05"]
[Round "6.2"]
[Board "6"]
[White "Graf, Alexander"]
[Black "Deuer, Marius"]
[Result "1/2-1/2"]
[WhiteTitle "GM"]
[BlackTitle "FM"]
[WhiteElo "2558"]
[BlackElo "2326"]
[WhiteTeam "Schachfreunde Deizisau"]
[BlackTeam "TSV Schoenaich"]
[WhiteFideId "4680804"]
[BlackFideId "16236432"]
[EventDate "2022.10.22"]

1. Nf3 Nf6 2. g3 d5 3. Bg2 Nbd7 4. c4 e6 5. d4 Bb4+ 6. Bd2 Be7 7. O-O O-O 8. Qc2
c6 9. a4 a5 10. Rc1 b6 11. cxd5 cxd5 12. Nc3 Ba6 13. Nb5 Bxb5 14. axb5 Rc8 15.
Qa4 Ne4 16. Be3 Bd6 17. Ne1 Bb4 18. f3 Bd2 19. Bxd2 Nxd2 20. Nd3 Rc4 21. Qd1
Rxc1 22. Rxc1 Nc4 23. Kf2 Qe7 24. e3 1/2-1/2

[Event "Bundesliga 2022-23"]
[Site "Baden-Baden GER"]
[Date "2023.02.05"]
[Round "6.2"]
[Board "7"]
[White "Saric, Ante"]
[Black "Krasenkow, Michal"]
[Result "1/2-1/2"]
[WhiteTitle "GM"]
[BlackTitle "GM"]
[WhiteElo "2510"]
[BlackElo "2550"]
[WhiteTeam "TSV Schoenaich"]
[BlackTeam "Schachfreunde Deizisau"]
[WhiteFideId "14506254"]
[BlackFideId "1113100"]
[EventDate "2022.10.22"]

1. d4 Nf6 2. Nf3 g6 3. c4 Bg7 4. g3 d5 5. Bg2 dxc4 6. Na3 c3 7. bxc3 c5 8. O-O
O-O 9. Bb2 Nc6 10. Re1 Nd5 11. e4 Nb6 12. Rb1 Bg4 13. d5 Ne5 14. c4 f5 15. exf5
Rxf5 16. Bxe5 Bxe5 17. Qb3 Bg7 18. Nh4 Rf7 19. f4 Qd7 20. Nf3 Bxf3 21. Bxf3 g5
22. Qd1 Bd4+ 23. Kh1 Rg7 24. Bg4 Qd8 25. Be6+ Kh8 26. f5 g4 27. Re4 h5 28. Rxd4
cxd4 29. Qxd4 Nd7 30. Rxb7 Qa5 31. Nc2 Qxa2 32. Ne3 Nf6 33. d6 Rd8 34. c5 Qf2
35. Rb2 Qe1+ 36. Kg2 h4 37. gxh4 Qxh4 38. Nf1 exd6 39. cxd6 Kh7 40. Ra2 Rb8 41.
Rxa7 Qh3+ 42. Kg1 Rb1 43. Rxg7+ Kxg7 44. Bc4 g3 45. Qa7+ Kh8 46. Qa8+ Kg7 47.
Qa7+ 1/2-1/2

[Event "Bundesliga 2022-23"]
[Site "Baden-Baden GER"]
[Date "2023.02.05"]
[Round "6.8"]
[Board "16"]
[White "Kozak, Adam"]
[Black "Plenca, Jadranko"]
[Result "0-1"]
[WhiteTitle "GM"]
[BlackTitle "IM"]
[WhiteElo "2516"]
[BlackElo "2412"]
[WhiteTeam "Schachfreunde Deizisau"]
[BlackTeam "TSV Schoenaich"]
[WhiteFideId "753246"]
[BlackFideId "14527146"]
[EventDate "2022.10.22"]

1. d4 Nf6 2. c4 e6 3. Nc3 Bb4 4. e3 O-O 5. Bd3 d5 6. a3 Bxc3+ 7. bxc3 c5 8. cxd5
exd5 9. Ne2 b6 10. O-O Ba6 11. dxc5 bxc5 12. Bxa6 Nxa6 13. c4 Nc7 14. Qc2 Rb8
15. Rd1 Qe7 16. cxd5 Ncxd5 17. Bb2 Rfd8 18. Ng3 h5 19. h3 g6 20. Rac1 h4 21. Nf1
Ne4 22. Ba1 Kh7 23. Qe2 f5 24. Nd2 Ndf6 25. Nf3 Nd5 26. Qc2 Rbc8 27. Qe2 c4 28.
Nd2 c3 29. Nxe4 Qxe4 30. Qa2 Rc4 31. Rxc3 Nxe3 32. fxe3 Rxd1+ 33. Kf2 Rxc3 34.
Bxc3 Kh6 35. Qe2 Qd3 36. Bb4 Qxe2+ 37. Kxe2 Ra1 38. Kf3 Ra2 39. Be7 Kh5 40. Bc5
a6 41. g3 g5 42. gxh4 Kxh4 43. Be7 Kxh3 44. Bxg5 Rxa3 45. Kf4 Ra5 46. Bf6 Rb5
47. e4 fxe4 48. Kxe4 a5 49. Kd3 a4 50. Kc2 a3 51. Bc3 Kg4 0-1

[Event "Bundesliga 2022-23"]
[Site "Hamburg GER"]
[Date "2023.02.05"]
[Round "6.3"]
[Board "1"]
[White "Esipenko, Andrey"]
[Black "Eljanov, Pavel"]
[Result "1/2-1/2"]
[WhiteTitle "GM"]
[BlackTitle "GM"]
[WhiteElo "2668"]
[BlackElo "2697"]
[WhiteTeam "SK Doppelbauer Turm Kiel"]
[BlackTeam "Muenchener Schachclub 1836"]
[WhiteFideId "24175439"]
[BlackFideId "14102951"]
[EventDate "2022.10.22"]

1. Nf3 d5 2. g3 Nf6 3. Bg2 c5 4. O-O e6 5. c4 d4 6. e3 Nc6 7. exd4 cxd4 8. d3 h6
9. Na3 Bxa3 10. bxa3 O-O 11. Bf4 Ng4 12. Re1 Re8 13. Ne5 Ngxe5 14. Bxe5 f6 15.
Bf4 e5 16. Bd2 Bf5 17. Rb1 Qd7 18. Bd5+ Be6 19. Be4 Rac8 20. a4 Rc7 21. a5 Bf5
22. Bd5+ Be6 23. Be4 Bf5 24. Bd5+ Be6 25. Be4 1/2-1/2

[Event "Bundesliga 2022-23"]
[Site "Hamburg GER"]
[Date "2023.02.05"]
[Round "6.3"]
[Board "2"]
[White "Jones, Gawain C B"]
[Black "Cheparinov, Ivan"]
[Result "1/2-1/2"]
[WhiteTitle "GM"]
[BlackTitle "GM"]
[WhiteElo "2626"]
[BlackElo "2689"]
[WhiteTeam "Muenchener Schachclub 1836"]
[BlackTeam "SK Doppelbauer Turm Kiel"]
[WhiteFideId "409561"]
[BlackFideId "2905540"]
[EventDate "2022.10.22"]

1. e4 e5 2. Nf3 Nc6 3. d4 exd4 4. Nxd4 Nf6 5. Nxc6 bxc6 6. e5 Qe7 7. Qe2 Nd5 8.
g3 g6 9. c4 Ba6 10. b3 Bg7 11. Bb2 O-O-O 12. Bg2 d6 13. Qd2 Nb4 14. a3 Nd3+ 15.
Qxd3 Bxe5 16. O-O Bxb2 17. Ra2 Qf6 18. Bxc6 d5 19. Bxd5 c6 20. Qc2 cxd5 21. Rxb2
d4 22. Qe4 Bb7 23. Qg4+ Kb8 24. Qf4+ Qxf4 25. gxf4 Rhe8 26. f3 Re3 27. Nd2 Rde8
28. Kg2 Rc3 29. Rf2 Ree3 30. Kg3 f5 31. a4 d3 32. b4 Rc2 33. Rb3 h6 34. a5 g5
35. fxg5 hxg5 36. h3 f4+ 37. Kg2 Rxd2 38. Rxd2 Bxf3+ 39. Kf2 Be4 40. Rb1 Rf3+
41. Kg2 Rg3+ 42. Kh2 Bf5 43. Rf1 Rxh3+ 44. Kg2 Re3 45. Kg1 Rg3+ 46. Kh2 Rh3+ 47.
Kg2 Re3 48. Kg1 Rg3+ 49. Kh2 1/2-1/2